Compositional changes of livestock and their impact on environment (Record no. 11885)

MARC details
000 -LEADER
fixed length control field 00594nam a2200169Ia 4500
082 ## - DEWEY DECIMAL CLASSIFICATION NUMBER
Classification number RS.0634
100 ## - MAIN ENTRY--AUTHOR NAME
Personal name Singh, Jai Bharat
245 #0 - TITLE STATEMENT
Title Compositional changes of livestock and their impact on environment
Sub Title : a comparative study of Rajasthan state and its western arid region
260 ## - PUBLICATION, DISTRIBUTION, ETC. (IMPRINT)
Year of publication 0
Name of publisher Indian Council of Social Science Research, New Delhi
300 ## - PHYSICAL DESCRIPTION
Number of Pages 131
504 ## - BIBLIOGRAPHY, ETC. NOTE
Bibliography, etc includes bibliography
650 ## - SUBJECT ADDED ENTRY--TOPICAL TERM
Topical Term Livestock
Form subdivision Ecology
Geographic subdivision Rajastan
650 ## - SUBJECT ADDED ENTRY--TOPICAL TERM
Topical Term Animal husbadary
Geographic subdivision Rajastan
650 ## - SUBJECT ADDED ENTRY--TOPICAL TERM
Topical Term Agriculture
Geographic subdivision Rajastan
650 ## - SUBJECT ADDED ENTRY--TOPICAL TERM
Topical Term Arid regions ecology
Geographic subdivision Rajastan
942 ## - ADDED ENTRY ELEMENTS (KOHA)
Koha item type Research Reports
Source of classification or shelving scheme Dewey Decimal Classification
Holdings
Withdrawn status Lost status Damaged status Not for loan Home library Current library Date acquired Source of acquisition Bill Date Full call number Accession Number Price effective from Koha item type
        NASSDOC Library NASSDOC Library 02/04/2008 Gifted by : R P Division, ICSSR 2008-03-20 RS.0634 44323 18/04/2019 Research Reports